| 000 -LEADER |
| fixed length control field |
01472cam a2200325 a 4500 |
| 001 - CONTROL NUMBER |
| control field |
16056751 |
| 005 - DATE AND TIME OF LATEST TRANSACTION |
| control field |
20161126101921.0 |
| 008 - FIXED-LENGTH DATA ELEMENTS--GENERAL INFORMATION |
| fixed length control field |
100115s2010 cauaf b s001 0 eng |
| 010 ## - LIBRARY OF CONGRESS CONTROL NUMBER |
| LC control number |
2010002016 |
| 015 ## - NATIONAL BIBLIOGRAPHY NUMBER |
| National bibliography number |
GBB036932 |
| Source |
bnb |
| 016 7# - NATIONAL BIBLIOGRAPHIC AGENCY CONTROL NUMBER |
| Record control number |
015505239 |
| Source |
Uk |
| 020 ## - INTERNATIONAL STANDARD BOOK NUMBER |
| International Standard Book Number |
9780520265752 (cloth : alk. paper) |
| 020 ## - INTERNATIONAL STANDARD BOOK NUMBER |
| International Standard Book Number |
9780520265769 (pbk. : alk. paper) |
| 035 ## - SYSTEM CONTROL NUMBER |
| System control number |
(OCoLC)ocn449860140 |
| 040 ## - CATALOGING SOURCE |
| Original cataloging agency |
DLC |
| Transcribing agency |
DLC |
| Modifying agency |
YDX |
| -- |
BTCTA |
| -- |
YDXCP |
| -- |
ERASA |
| -- |
UKM |
| -- |
BWX |
| -- |
CDX |
| -- |
ORX |
| -- |
DLC |
| 050 00 - LIBRARY OF CONGRESS CALL NUMBER |
| Classification number |
ND237 |
| Item number |
.E8K35 2010 |
| 100 1# - MAIN ENTRY--PERSONAL NAME |
| Personal name |
Kaufmann, David, |
| Dates associated with a name |
1958- |
| 245 10 - TITLE STATEMENT |
| Title |
Telling stories : |
| Remainder of title |
Philip Guston's later works / |
| Statement of responsibility, etc. |
David Kaufmann. |
| 246 30 - VARYING FORM OF TITLE |
| Title proper/short title |
Philip Guston's later works |
| 260 ## - PUBLICATION, DISTRIBUTION, ETC. (IMPRINT) |
| Place of publication, distribution, etc. |
Berkeley : |
| Name of publisher, distributor, etc. |
University of California Press, |
| Date of publication, distribution, etc. |
c2010. |
| 300 ## - PHYSICAL DESCRIPTION |
| Extent |
118 p., [8] p. of plates : |
| Other physical details |
ill. (some col.) ; |
| Dimensions |
22 cm. |
| 504 ## - BIBLIOGRAPHY, ETC. NOTE |
| Bibliography, etc |
Includes bibliographical references and index. |
| 600 10 - SUBJECT ADDED ENTRY--PERSONAL NAME |
| Personal name |
Guston, Philip, |
| Dates associated with a name |
1913-1980 |
| General subdivision |
Criticism and interpretation. |
| 700 1# - ADDED ENTRY--PERSONAL NAME |
| Personal name |
Guston, Philip, |
| Dates associated with a name |
1913-1980. |
| 942 ## - ADDED ENTRY ELEMENTS (KOHA) |
| Source of classification or shelving scheme |
|
| Koha item type |
Hard Covered Materials |
| Classification part |
ND 237 .E8K35 2010 |